LEADER 01438nam a2200265 i 4500 001 000000012438 003 CaOOAMICUS 005 20180830125441.0 008 180830n it u000 u ita u 040 $aSeMil$bita 245 10$aRaccolta degli atti ufficiali, dei proclami, ec. emanati e pubblicati dalle diverse autorità durante l'i. r. governo civile e militare del Regno Lombardo-veneto. 260 $aMilano :$bLuigi di Giacomo Pirola 300 $a7 v. ;$c22 cm. 650 4$aLombardo-Veneto <1815-1859> - Diritto e legislazione.$0(OLS)http://semarc/subject/1315 710 1 $aRegno Lombardo-Veneto.$0(OLS)http://semarc/name/1951 774 0 $tdal 6 agosto 1848 al 31 marzo 1849.$g1$w()107398 774 0 $tdal primo aprile 1850 in avanti.$g4$w()251730 774 0 $tdal 1. aprile 1849 in avanti.$g2$w()251731 774 0 $tdal primo novembre 1849 al 31 marzo 1850.$g3$w()251732 774 0 $tdal primo novembre 1850 al 30 aprile 1851.$g5$w()251733 774 0 $tdal 1. gennaio al 30. giugno 1852.$g7$w()251734 774 0 $tdal 1. maggio 1851 in avanti.$g6$w()251735 774 0 $tdal 1. gennaio al 30. giugno 1852.$g7$w()251736 996 $6245$aRaccolta degli atti ufficiali, dei proclami, ec. emanati e pubblicati dalle diverse autorità durante l'i. r. governo civile e militare del Regno Lombardo-veneto$9(OLS)http://semarc/title/16516 996 $6260$aMilano :$bLuigi di Giacomo Pirola$9(OLS)http://semarc/publisher/33430 LEADER 01430nam a2200325 4500 001 000000349849 003 CaOOAMICUS 005 20220408160954.0 008 220330s1942 it 000 u ita r 040 $aSeMil$bita 100 0 $aAugustinus, Aurelius,$c.$0(OLS)http://semarc/name/498 245 13$aLe confessioni /$cSant'Aurelio Agostino ; traduzione di Enrico Bindi. 264 1$aRoma ; Alba ; Catania :$bPia Società San Paolo,$c1942. 300 $a498 p. ;$c18 cm 490 1 $aIl fiore dei Santi Padri, dottori e scrittori ecclesiastici ;$v3 541 0 $aOmaggio mons. Mario Delpini (2S I 117) 650 4$aAgostino, Aurelio . Confessiones.$0(OLS)http://semarc/subject/1336 700 1 $aBindi, Enrico,$c.$0(OLS)http://semarc/name/12110 830 3$aIl fiore dei Santi Padri, dottori e scrittori ecclesiastici ;$v3.$0(OLS)http://semarc/title/197 850 $aSeMil 852 $aSeMil$W1$xVenegono$y1$m2S I 117$j232438$B240885$CSeMilBibl$Z2$F240885 $81 900 1 $aAgostino : d'Ippona. 900 1 $aSant'Agostino. 941 1 $a7 961 $aOmaggio mons. Mario Delpini 996 $6245$aLe confessioni$9(OLS)http://semarc/title/25229 996 $6264$aRoma ; Alba ; Catania :$bPia Società San Paolo$9(OLS)http://semarc/publisher/57861